000 00428nam a2200181Ia 4500
003 OSt
005 20260507113302.0
008 250729s1975 xx 000 0 und d
040 _cAL
041 _aeng
082 _a900 DEOA
100 _aBolster L Carey
_9229097
245 _aExploring mathematics
260 _aSpain
_c1975
650 _aMathematics
_9229098
700 _aRao Digumurthi
_9229099
942 _2ddc
_cBED
999 _c238218
_d238218